[Event "FRA-ch U16"]
[Site "Aix les Bains"]
[Date "2009.04.21"]
[Round "4"]
[White "Divine, Armand"]
[Black "Grignon, Maxime"]
[Result "1-0"]
[WhiteElo "2018"]
[BlackElo "1878"]
[PlyCount "77"]
[EventDate "2009.04.19"]
[EventType "swiss"]
[EventRounds "9"]
[EventCountry "FRA"]
[SourceTitle "CBM 130 Extra"]
[Source "ChessBase"]
[SourceDate "2009.07.02"]
[SourceVersion "2"]
[SourceVersionDate "2009.07.15"]
[SourceQuality "1"]

1. e4 e5 2. Nf3 Nc6 3. Bb5 a6 4. Ba4 Nf6 5. 0-0 Be7 6. Re1 b5 7. Bb3 d6 8. c3 0-0 9. h3 Na5 10. Bc2 c5 11. d4 Qc7 12. d5 Bd7 13. b3 Nb7 14. Nbd2 g6 15. Nf1 Ne8 16. Bh6 Ng7 17. g4 f6 18. Ng3 Nd8 19. c4 Nf7 20. Bd2 b4 21. Qe2 a5 22. a4 Kh8 23. Nh2 Rg8 24. Kh1 Raf8 25. h4 f5 26. exf5 gxf5 27. Nxf5 Nxf5 28. gxf5 Bxh4 29. f6 Bxf6 30. Bxh7 Rg7 31. Bc2 Ng5 32. Qh5+ Kg8 33. Rg1 Be8 34. Qh4 Qe7 35. Ng4 Nh7 36. Nxf6+ Nxf6 37. Rxg7+ Kxg7 38. Qh6+ Kf7 39. Qg6# 1-0